000 00682nam a2200241Ia 4500
005 20260430150619.0
008 008 250103s9999 xx 000 0 eng d
037 _aTheses
040 _aCRL
040 _beng
040 _ceng
041 _2eng
041 _aeng
084 _qCRL
100 _aRana Anjali Au.; Wadhwa Veenu Gu.; Gulati Renu Gu.
_91238005
245 3 _aAn Exploratory Study on Stress among School and College Students: Causes and Coping Strategies
260 _c2024
300 _a139p.
650 _aHome Science
700 _aUniversity of Delhi. Faculty of Science. Deptt.of Home Science
_91237716
942 _cTH
999 _c1850212
_d1850212